Представление документа в формате MARC21

Поле Инд. ПП Название Значение
Тип записи a
Библиографический уровень m
001 Контрольный номер RU/IS/BASE/131457408
005 Дата корректировки 20220801123549.0
040 b Код языка каталог. rus
041 a Код языка текста rus
080 00 a Индекс УДК 004.42
084 a Индекс другой классификации/Индекс ББК 32.973.26-018.1
090 00 a Полочн. индекс 681.3
c Каталожный индекс 681.3.06
x Авторский знак Б94
097 b Оператор 11
100 10 a Автор Буч Г.
245 00 a Заглавие Объектно-ориентированный анализ и проектирование с примерами приложений на С++
c Ответственность пер. с англ.
250 00 a Основные сведения об издании 2-е изд.
260 00 a Место издания М.
b Издательство Бином
c Дата издания 1999
300 00 a Объем 560 с.
b Иллюстрации/ тип воспроизводства ил.
510 a Примечание о ссылках Книги и методические пособия
650 a Основная рубрика 50.41 Программное обеспечение вычислительных машин, комплексов и сетей
x Основная подрубрика 50.41.17 Системное программное обеспечение
653 00 a Ключевые слова программирование; языки программирования; C++
901 t Тип документа m